Transformácia malého sídla

Uložené v:
Podrobná bibliografia
Hlavný autor: Pádejová, Tereza (Autor)
Ďalší autori: Vitková, Ľubica (Vedúci práce)
Médium: Rukopis Kniha
Jazyk:Slovak
Vydavateľské údaje: 2024
Predmet:
On-line prístup:http://is.stuba.sk/zp/portal_zp.pl?podrobnosti=178780
Tagy: Pridať tag
Žiadne tagy, Buďte prvý, kto otaguje tento záznam!

MARC

LEADER 00000ntm a22000003a 4500
001 stuzp98825
003 SK-STU
005 20240608212604.8
007 ta
008 150427s2015----xo-----f-mn---000-0-slo-d
040 |a STU  |b slo 
041 0 |a slo 
100 1 |a Pádejová, Tereza  |u 056160  |4 aut  |U FAD Fakulta architektúry a dizajnu  |T FAD Ústav urbanizmu a územného plánovania  |X 99756  |U A6160  |Y 397  |7 99756 
242 0 1 |a Small city transformation  |y eng 
245 1 0 |a Transformácia malého sídla 
260 |c 2024 
650 4 |a transformácia  |2 slo 
650 4 |a urbanizmus  |2 slo 
650 4 |a Pezinok  |2 slo 
650 4 |a Pezinok  |2 eng 
650 4 |a transformation  |2 eng 
650 4 |a urbanism  |2 eng 
700 1 |a Vitková, Ľubica  |u 056160  |k Z1  |4 ths  |U FAD Fakulta architektúry a dizajnu  |T FAD Ústav urbanizmu a územného plánovania  |X 447  |U A6160  |Y 397  |7 A000000447 
856 4 |u http://is.stuba.sk/zp/portal_zp.pl?podrobnosti=178780